LEADER 01038cam0 22002651 450 001 SOBE00056647 005 20170721121119.0 100 $a20170721d1981 |||||ita|0103 ba 101 $aita 102 $aIT 200 1 $a<>Divina commedia spiegata nella meravigliosa scienza Giuris davidica$enono libretto con 5 illustrazioni$fElvira Giro$gcontiene scritti originali di David Lazzaretti 210 $aRoma$cLa torre davidica$d1981 215 $a96 p.$cill.$d22 cm 300 $aSupplemento al periodico: La torre davidica 700 1$aGiro$b, Elvira$3SOBA00015140$4070$0466712 702 1$aLazzaretti, Davide$3SOBA00015157$4070 801 0$aIT$bUNISOB$c20170721$gRICA 850 $aUNISOB 852 $aUNISOB$j200$m38856 912 $aSOBE00056647 940 $aM 102 Monografia moderna SBN 941 $aM 957 $a200$b001586$gSI$d38856$racquisto$tN$1menle$2UNISOB$3UNISOB$420170721121050.0$520170721121119.0$6menle 996 $aDivina Commedia spiegata nella meravigliosa scienza giuris davidica$9203259 997 $aUNISOB